01760nam a2200361 a 4500001001000000003000500010005001700015008004100032010001100073011001100084040000900095090001000104100003300114245030100147260004100448500006000489502010900549590004000658590004000698590004000738650004400778650005200822650006100874650003800935700004700973856007001020901000701090942001001097942000601107999001901113952013101132952013501263000113822CHAP20220329144414.0170928s2017 mx a fsm |||||||spa d a110283 a111255 cCHAP aTesis1 aMendoza Ramos, Coral913351610aEstimación de periodos asociados a la patogénesis, producción, dispersión, de inóculo e implicaciones epidemiológicas de la roya de cafeto (Hemileia vastatrix) en cafetales bajo sombra en el bosque, Chiapas /h[En línea]cpor Coral Mendoza Ramos y Laura Rosney Jiménez González. aChapingo, Méx. :bEl autor,c2017. aPara ver el contenido del material haga clic en la liga aTesis (Ing. Agr. Esp. en Parasitología Agrícola) -- UACH. Departamento de Parasotología Agrícola aE8697GMMb05c20170928lUCH01h0935 aE8697GMMb05c20170928lUCH01h1006 aE8697GMMb05c20170928lUCH01h112914aCaféxEnfermedades por hongos.91713914aCaféxVariedades resistentes a plagas.91721014aHemileia vastatrixxFisiología y morfología.913351814aRoya del caféxControl.91326781 aJiménez González, Laura Rosney9133517 aFinding aiduhttp://10.13.5.2/tesis/sist113822.pdfzTeclea aquí aBK cTESIS n0 c110283d110283 00104054718TESISaBCbBCd2017-09-28fTESISl0oTesisp113824-10r2019-12-31 00:00:00w2019-12-31yTESISzRecien adquirido 00102local4053708TESISaBCbBCcPA_TESISd2017-09-28fTESISl0oTesisp113824-20r2019-12-31 00:00:00tc.2w2019-12-31yTESIS